Textilní zbožíznalství II. díl Bytový textil. Pletené zboží. Konfekce a prádlo z tkanin. Textilní galantérie. Kožešiny. Klobouky

Podrobná bibliografia
Médium: Kniha
Jazyk:neznámy jazyk
Fyzický popis:550 s. ilustr. 21 cm
Vydavateľské údaje: Praha Merkur 1970
Vydanie:1. vyd.

MARC

LEADER 00000nam a2200000 a 4500
001 vtls001435877
003 SK-MaSNL
005 20260224010829.0
008 210928s1970 xx 0 und
035 |a SNK000390968 
040 |a SNK  |b slo  |c SNK  |e AACR2 
245 1 |a Textilní zbožíznalství  |n II. díl  |p Bytový textil. Pletené zboží. Konfekce a prádlo z tkanin. Textilní galantérie. Kožešiny. Klobouky  |c B Kotek...[et al.] 
246 3 0 |a Bytový textil. Pletené zboží. Konfekce a prádlo z tkanin. Textilní galantérie. Kožešiny. Klobouky 
250 |a 1. vyd. 
260 |a Praha  |b Merkur  |c 1970 
300 |a 550 s.  |b ilustr.  |c 21 cm 
504 |a Obsahuje bibliografiu 
958 |a OND 
999 |c 782169  |d 784099 
952 |t P60, <04>, [BOOK], {604}  |a SNK  |b SNK  |y VYP  |7 0  |p 17A0344698  |o snkIC 43132/2 D1  |i snkKIP 7506/70  |0 0  |1 1  |4 0  |d 2002-06-07  |l 0  |r 2005-01-02 00:00:00  |w 2026-02-24